[Event "VII Open Autunno"]
[Site "Robecchetto con Induno ITA"]
[Date "2010.10.28"]
[Round "4"]
[White "Saccani, Ettore"]
[Black "Puricelli, Giancarlo"]
[Result "1-0"]
[WhiteElo "1800"]
[BlackElo "1560"]
[PlyCount "97"]
[EventDate "2010.10.07"]

1. e4 d6 2. d4 Nf6 3. Bd3 g6 4. Nf3 Bg7 5. O-O O-O 6. Bg5 Nc6 7. h3 Nb4 8. Nc3
Nxd3 9. cxd3 b6 10. Qd2 Bb7 11. Rac1 c5 12. Bh6 Nd7 13. Bxg7 Kxg7 14. h4 cxd4
15. Nb5 Ne5 16. Nbxd4 Nxf3+ 17. Nxf3 Rc8 18. h5 e6 19. h6+ Kg8 20. Rxc8 Qxc8
21. Rc1 Qd7 22. Qc3 f6 23. Qc7 Rd8 24. Nd4 Kf7 25. Nb5 Ke7 26. Nxd6 Ba6 27. d4
Qxc7 28. Rxc7+ Rd7 29. Rxd7+ Kxd7 30. e5 fxe5 31. dxe5 Bd3 32. f4 Ke7 33. Kf2
Bb1 34. a3 Ba2 35. Ke3 a6 36. Nc8+ Kd8 37. Nxb6 Kc7 38. Na4 Kc6 39. Kd4 Bd5 40.
g3 a5 41. b4 axb4 42. axb4 Bf3 43. Nc5 Bd5 44. Ne4 Bxe4 45. Kxe4 Kb5 46. g4
Kxb4 47. f5 gxf5+ 48. gxf5 Kb5 49. f6 1-0

[Event "VII Open Autunno"]
[Site "Robecchetto con Induno ITA"]
[Date "2010.10.28"]
[Round "4"]
[White "Santarelli, Sabatino"]
[Black "Pinciroli, Giovanni"]
[Result "1-0"]
[WhiteElo "1671"]
[BlackElo "1449"]
[PlyCount "91"]
[EventDate "2010.10.07"]

1. e4 c6 2. d4 d5 3. e5 Bf5 4. Nf3 e6 5. Be2 Ne7 6. O-O Nd7 7. c4 Nb6 8. c5 Nd7
9. b4 b5 10. a4 a6 11. Nh4 h6 12. Nxf5 Nxf5 13. Qd3 Qc7 14. Nc3 Be7 15. Nd1 Rb8
16. a5 Qd8 17. Ne3 Nh4 18. g3 Ng6 19. Bh5 Ndf8 20. f4 Qc8 21. f5 exf5 22. Nxf5
Rg8 23. Bd2 Rb7 24. Nd6+ Bxd6 25. exd6 Qd7 26. Rae1+ Kd8 27. Qf3 f6 28. Bg4 Qf7
29. Qf5 Qd7 30. Qf3 Qf7 31. Re2 Nd7 32. Be6 Qf8 33. Bxg8 Qxg8 34. Rfe1 Nde5 35.
dxe5 Nxe5 36. Qf5 Rd7 37. Kg2 d4 38. Rxe5 fxe5 39. Qxe5 g5 40. Qxd4 Rg7 41.
Qf6+ Kd7 42. Qf5+ Kd8 43. Qe4 Kd7 44. Bc3 Rh7 45. Bf6 h5 46. Qf5+ 1-0

[Event "VII Open Autunno"]
[Site "Robecchetto con Induno ITA"]
[Date "2010.10.28"]
[Round "4"]
[White "Torretta, Gilberto"]
[Black "Macchiettini, Pierangelo"]
[Result "1/2-1/2"]
[WhiteElo "1692"]
[BlackElo "1700"]
[PlyCount "91"]
[EventDate "2010.10.07"]

1. e4 c5 2. Nc3 d6 3. Nge2 Nf6 4. g3 a6 5. a4 e6 6. Bg2 Be7 7. O-O Qc7 8. d3
Nc6 9. h3 Bd7 10. Be3 O-O 11. Qd2 Rfe8 12. f4 Nb4 13. Nd1 Nc6 14. g4 Red8 15.
Ng3 Nd4 16. Qf2 Rf8 17. g5 Ne8 18. f5 exf5 19. exf5 Bc6 20. Ne4 d5 21. Nxc5
Bxc5 22. Bxd4 Bd6 23. Qh4 Be5 24. Ne3 Bxd4 25. Qxd4 Qg3 26. Ng4 f6 27. Rf3 Qd6
28. Re1 fxg5 29. Rfe3 Nf6 30. Re6 Qd8 31. Ne5 Bd7 32. Nxd7 Qxd7 33. Re7 Qxf5
34. Bxd5+ Qxd5 35. Qb4 Rfe8 36. R1e5 Qf3 37. Qc4+ Kh8 38. Qf7 Rxe7 39. Rxe7 Rg8
40. Rxb7 Qe3+ 41. Kf1 Qxh3+ 42. Ke2 Qg2+ 43. Kd1 Ng4 44. Re7 Ne3+ 45. Rxe3 g4
46. Re8 1/2-1/2

[Event "VII Open Autunno"]
[Site "Robecchetto con Induno ITA"]
[Date "2010.10.28"]
[Round "4"]
[White "Vanzini, Mario"]
[Black "Sartorio, Alessandro"]
[Result "0-1"]
[WhiteElo "1428"]
[BlackElo "1350"]
[PlyCount "98"]
[EventDate "2010.10.07"]

1. e4 e5 2. d4 exd4 3. Nf3 Bc5 4. Nxd4 Nf6 5. Bg5 O-O 6. e5 h6 7. Bh4 g5 8. Bg3
Ne4 9. Nf5 Qe8 10. Nxh6+ Kh7 11. Ng4 Nc6 12. Bd3 d5 13. Bxe4+ dxe4 14. Nf6+ Kg7
15. Nxe8+ Rxe8 16. Qh5 Be7 17. Nd2 Nd4 18. O-O-O Rh8 19. Qf3 exf3 20. Nxf3 Ne2+
21. Kb1 Nxg3 22. fxg3 Bg4 23. Rd3 Bxf3 24. gxf3 Rad8 25. Rb3 b6 26. a3 Rd2 27.
h4 gxh4 28. gxh4 Rxh4 29. Rg1+ Kf8 30. Rc3 c5 31. b4 cxb4 32. axb4 Rxb4+ 33.
Kc1 Rf2 34. Rc8+ Bd8 35. Rxd8+ Ke7 36. Rd3 Ra4 37. Kb2 Re2 38. f4 Ree4 39. Rg4
Rab4+ 40. Rb3 Rxf4 41. Rg5 Ke6 42. Rh5 Rbe4 43. Rh6+ Kxe5 44. Rb5+ Kd4 45. c3+
Kd3 46. Rd5+ Ke3 47. Rg5 Rf2+ 48. Kb3 Kf4 49. Rf5+ Kxf5 0-1

[Event "VII Open Autunno"]
[Site "Robecchetto con Induno ITA"]
[Date "2010.11.04"]
[Round "5"]
[White "Barrera, Pietro"]
[Black "Buratti, Roberto"]
[Result "1/2-1/2"]
[WhiteElo "1886"]
[BlackElo "1612"]
[PlyCount "157"]
[EventDate "2010.10.07"]

1. d4 d5 2. Nf3 e6 3. Bf4 c6 4. e3 f5 5. Nbd2 Nf6 6. Bd3 Be7 7. h3 Nbd7 8. Ne5
O-O 9. c3 Nxe5 10. Bxe5 Ne4 11. Nf3 Bd7 12. Qc2 b5 13. O-O c5 14. dxc5 Nxc5 15.
Nd4 Nxd3 16. Qxd3 Qb6 17. Rfc1 a5 18. Qe2 Rfc8 19. a3 a4 20. Qf3 Qd8 21. Rd1
Qf8 22. Rd2 g6 23. Qe2 Rc4 24. Nf3 Re4 25. Rd4 Rc8 26. Rxe4 fxe4 27. Nd4 Qe8
28. Rf1 Bf8 29. f3 exf3 30. Qxf3 Qe7 31. e4 dxe4 32. Qxe4 Qc5 33. Qf4 Qe7 34.
Qf3 Bh6 35. Qg3 Rf8 36. Rxf8+ Qxf8 37. Qd3 Qc5 38. Qe4 Bc1 39. Kh1 Bxb2 40. Qf4
Qf8 41. Qd2 Bxa3 42. Nc2 Bc6 43. Nxa3 Qxa3 44. Bd6 Qa1+ 45. Kh2 Qf1 46. Bb4 Bd5
47. Qg5 Qf7 48. Qd8+ Kg7 49. Bd6 Qf6 50. Qd7+ Kg8 51. Qxb5 Qf2 52. Qe8+ Kg7 53.
Qe7+ Kh6 54. Qf8+ Qxf8 55. Bxf8+ Kg5 56. Bd6 Kf5 57. g3 Ke4 58. Kg1 Kd3 59. Bb4
e5 60. Kf2 e4 61. h4 h5 62. Ke1 Ke3 63. Kf1 Bc4+ 64. Ke1 Kf3 65. Bd6 a3 66.
Bxa3 Kxg3 67. Be7 e3 68. Bf6 e2 69. Be7 Kg4 70. Bf6 Kf5 71. Be7 Ke4 72. Bf6 Kd3
73. Be5 g5 74. hxg5 h4 75. g6 h3 76. g7 Ke4 77. Bh2 Kf3 78. Be5 Kg2 79. g8=Q+
1/2-1/2

[Event "VII Open Autunno"]
[Site "Robecchetto con Induno ITA"]
[Date "2010.11.04"]
[Round "5"]
[White "Colli, Gianmaria"]
[Black "Saccani, Ettore"]
[Result "1/2-1/2"]
[WhiteElo "1535"]
[BlackElo "1800"]
[PlyCount "101"]
[EventDate "2010.10.07"]

1. Nf3 Nf6 2. d4 g6 3. g3 Bg7 4. Bg2 O-O 5. O-O d6 6. c3 c5 7. dxc5 dxc5 8.
Qxd8 Rxd8 9. Be3 Nbd7 10. Na3 Nd5 11. Bd2 b6 12. Nc4 Bb7 13. Ne3 N7f6 14. Rad1
Ne4 15. Nxd5 Bxd5 16. Bf4 Bxa2 17. Rxd8+ Rxd8 18. Ra1 Bc4 19. Ne1 Nd6 20. Bf3
a5 21. Nd3 Bxd3 22. exd3 e5 23. Bg5 f6 24. Be3 Nf5 25. Rd1 Nxe3 26. fxe3 f5 27.
e4 Kf7 28. Kf2 Ke6 29. Ke2 h6 30. g4 f4 31. h3 g5 32. Rb1 Bf8 33. c4 Kd6 34.
Ra1 Kc6 35. b3 Ra8 36. Kd2 b5 37. Kc2 Bd6 38. Rh1 Be7 39. cxb5+ Kxb5 40. Be2
Kb4 41. Ra1 Rd8 42. Ra4+ Kb5 43. Kc3 Rd4 44. Rc4 Bd8 45. Rxd4 cxd4+ 46. Kb2 Be7
47. Bd1 Bb4 48. Ka2 Bd2 49. Kb2 Kb4 50. Kc2 Bc3 51. Be2 1/2-1/2

[Event "VII Open Autunno"]
[Site "Robecchetto con Induno ITA"]
[Date "2010.11.04"]
[Round "5"]
[White "Fiocchi, Marco"]
[Black "Vanzini, Mario"]
[Result "0-1"]
[WhiteElo "1428"]
[BlackElo "1428"]
[PlyCount "50"]
[EventDate "2010.10.07"]

1. e4 g6 2. d4 Bg7 3. Nf3 Nf6 4. Nc3 O-O 5. Bd3 d5 6. e5 Ne8 7. O-O Bg4 8. Re1
Nc6 9. Be3 Nb4 10. Be2 Bf5 11. Bd3 Qd7 12. a3 Nxd3 13. cxd3 c6 14. b4 a5 15.
Rb1 Nc7 16. h3 axb4 17. axb4 Ra3 18. Qc2 Rfa8 19. g4 Bxg4 20. Nh2 Bxh3 21. Qd2
Qf5 22. b5 cxb5 23. Nxb5 Nxb5 24. Rxb5 Rxd3 25. Qb4 Qe4 0-1

[Event "VII Open Autunno"]
[Site "Robecchetto con Induno ITA"]
[Date "2010.11.04"]
[Round "5"]
[White "Pinciroli, Giovanni"]
[Black "Puricelli, Giancarlo"]
[Result "0-1"]
[WhiteElo "1449"]
[BlackElo "1560"]
[PlyCount "62"]
[EventDate "2010.10.07"]

1. e4 d6 2. Nc3 e5 3. Bc4 Nf6 4. d3 g6 5. f4 exf4 6. Bxf4 Nh5 7. Be3 Bg7 8. Nf3
Nd7 9. O-O O-O 10. Qd2 Ne5 11. Nxe5 Bxe5 12. Rf3 Bg4 13. Raf1 Bxf3 14. Rxf3 c6
15. Bh6 Bg7 16. Bg5 Qb6+ 17. Kh1 Qxb2 18. Nd1 Qe5 19. g3 Rae8 20. Nf2 d5 21.
Ng4 Qa1+ 22. Kg2 dxc4 23. Nh6+ Bxh6 24. Bxh6 Qd4 25. c3 Qd6 26. d4 Rxe4 27.
Bxf8 Qxf8 28. Qg5 Re2+ 29. Kh3 Qc8+ 30. g4 Qc7 31. Kh4 Rxh2+ 0-1

[Event "VII Open Autunno"]
[Site "Robecchetto con Induno ITA"]
[Date "2010.11.04"]
[Round "5"]
[White "Puricelli, Roberto"]
[Black "Rosescu, Liviu"]
[Result "0-1"]
[WhiteElo "1521"]
[BlackElo "1494"]
[PlyCount "74"]
[EventDate "2010.10.07"]

1. e4 g6 2. d4 Bg7 3. Nf3 d6 4. Nc3 a6 5. Bc4 c5 6. d5 b5 7. Be2 Bxc3+ 8. bxc3
c4 9. O-O Nd7 10. a4 Bb7 11. Be3 Ngf6 12. Bd4 O-O 13. Nd2 e6 14. dxe6 fxe6 15.
f3 Qc7 16. axb5 axb5 17. Rxa8 Rxa8 18. Bxf6 Nxf6 19. Qb1 Qc5+ 20. Kh1 Bc6 21.
Re1 Kf7 22. Bf1 Qg5 23. Qb4 Qxd2 24. Qb1 Qxc3 25. Rd1 d5 26. exd5 Nxd5 27. Rxd5
exd5 28. Qc1 Qf6 29. Qe3 Ra1 30. Kg1 Ra8 31. Qb6 Qd6 32. Qe3 Re8 33. Qh6 Kg8
34. Qd2 Qe7 35. Kf2 Qc5+ 36. Kg3 d4 37. Qf4 Qe5 0-1

[Event "VII Open Autunno"]
[Site "Robecchetto con Induno ITA"]
[Date "2010.11.04"]
[Round "5"]
[White "Sartorio, Alessandro"]
[Black "Loaldi, Davide"]
[Result "0-1"]
[WhiteElo "1350"]
[BlackElo "1623"]
[PlyCount "54"]
[EventDate "2010.10.07"]

1. d4 d5 2. c4 Nf6 3. Nc3 e6 4. a3 Be7 5. Nf3 O-O 6. e3 Nbd7 7. Bd3 dxc4 8.
Bxc4 b6 9. O-O Bb7 10. Re1 Ne4 11. Bd3 Ndf6 12. Nd2 Nxc3 13. bxc3 c5 14. Nf3
Ne4 15. c4 h6 16. Rb1 Nc3 17. Qb3 Nxb1 18. Qxb1 Bxf3 19. gxf3 Bd6 20. e4 cxd4
21. Rd1 Qh4 22. f4 Qg4+ 23. Kf1 Qxd1+ 24. Kg2 Bxa3 25. Qa1 Qxd3 26. Bb2 Qxe4+
27. f3 Qe2+ 0-1

[Event "VII Open Autunno"]
[Site "Robecchetto con Induno ITA"]
[Date "2010.11.04"]
[Round "5"]
[White "Torretta, Gilberto"]
[Black "Paolillo, Giampiero"]
[Result "0-1"]
[WhiteElo "1692"]
[BlackElo "1693"]
[PlyCount "66"]
[EventDate "2010.10.07"]

1. e4 e6 2. d4 d5 3. exd5 exd5 4. c4 Nf6 5. Nc3 Be6 6. c5 c6 7. Be2 g6 8. Bf4
Bg7 9. Nf3 O-O 10. Qd2 Re8 11. O-O-O Qa5 12. Kb1 Bf5+ 13. Ka1 Qd8 14. Ne5 Nbd7
15. g4 Be6 16. Bg5 Qc7 17. f4 Nxe5 18. Bxf6 Nxg4 19. Bxg7 Kxg7 20. Rdf1 Bf5 21.
Bxg4 Bxg4 22. f5 Kg8 23. Rhg1 h5 24. f6 Kh7 25. Qf2 Qd7 26. Qh4 Re3 27. Rf4 Bf5
28. Rgf1 Bd3 29. Rd1 Rae8 30. a3 Qe6 31. Qg5 Bc4 32. Rh4 Rh3 33. Rf4 Qe3 0-1

[Event "VII Open Autunno"]
[Site "Robecchetto con Induno ITA"]
[Date "2010.11.04"]
[Round "5"]
[White "Turchi, Alessandro"]
[Black "Macchiettini, Pierangelo"]
[Result "0-1"]
[WhiteElo "1428"]
[BlackElo "1700"]
[PlyCount "82"]
[EventDate "2010.10.07"]

1. d4 d5 2. c4 c6 3. Nf3 Nf6 4. g3 e6 5. Bf4 Be7 6. Bg2 dxc4 7. O-O Nbd7 8. Qc2
Nb6 9. Rd1 Bd6 10. Ne5 Qc7 11. Nd2 Nfd5 12. e3 Nxf4 13. exf4 Be7 14. Ndxc4 Nd7
15. a4 O-O 16. Rac1 Nf6 17. Ne3 Qb8 18. Qc4 Nd5 19. Rb1 Qd6 20. Nc2 Rd8 21. b4
Rb8 22. Bxd5 exd5 23. Qe2 Bf5 24. Rd2 Re8 25. Qh5 g6 26. Qe2 Bf8 27. h4 f6 28.
Qf3 fxe5 29. fxe5 Qe6 30. Re1 Bxc2 31. Rxc2 Bxb4 32. Re3 Rf8 33. Qg2 Rf7 34. f4
Rbf8 35. Qh2 Qf5 36. Qf2 Qe6 37. Qe2 g5 38. Qh2 Be7 39. Qe2 gxh4 40. gxh4 Rxf4
41. Rc1 Rg4+ 0-1

[Event "VII Open Autunno"]
[Site "Robecchetto con Induno ITA"]
[Date "2010.11.04"]
[Round "5"]
[White "Turini, Gianluca"]
[Black "Colombo, Maurizio"]
[Result "1-0"]
[WhiteElo "1781"]
[BlackElo "1775"]
[PlyCount "91"]
[EventDate "2010.10.07"]

1. d4 d5 2. c4 c6 3. e3 a6 4. h3 Nf6 5. Nc3 Bf5 6. cxd5 cxd5 7. Qb3 Bc8 8. Nf3
e6 9. Bd3 Nc6 10. O-O Bd6 11. a3 O-O 12. Bd2 b5 13. Qc2 Bb7 14. b4 Rc8 15. Qb3
e5 16. Nxd5 Nxd5 17. Qxd5 Na5 18. Qa2 e4 19. bxa5 exf3 20. g3 Bc7 21. Bf5 Rb8
22. Qc2 g6 23. Be4 Bxa5 24. Bxa5 Qxa5 25. Bxb7 Rxb7 26. Qe4 Rc7 27. d5 Rc3 28.
Qb4 Qxb4 29. axb4 Rd8 30. Rfd1 Rc4 31. Rxa6 Rxb4 32. d6 Kf8 33. Ra7 Ke8 34. Rd2
Rc4 35. Rb7 b4 36. Kh2 Rc6 37. Rxb4 Rcxd6 38. Rbd4 Rxd4 39. Rxd4 Rxd4 40. exd4
Kd7 41. g4 Kd6 42. Kg3 Kd5 43. Kxf3 Kxd4 44. Kf4 f6 45. h4 h6 46. h5 1-0

[Event "VII Open Autunno"]
[Site "Robecchetto con Induno ITA"]
[Date "2010.11.11"]
[Round "6"]
[White "Colombo, Maurizio"]
[Black "Santarelli, Sabatino"]
[Result "1-0"]
[WhiteElo "1775"]
[BlackElo "1671"]
[PlyCount "53"]
[EventDate "2010.10.07"]

1. d4 d5 2. c4 e6 3. Nc3 Nf6 4. Bg5 Be7 5. Nf3 Nbd7 6. e3 O-O 7. Rc1 h6 8. Bh4
c6 9. Bd3 dxc4 10. Bxc4 Qa5 11. O-O Re8 12. a3 Nd5 13. Bxe7 Rxe7 14. Ba2 N5f6
15. Nd2 e5 16. Nc4 Qd8 17. dxe5 Ne8 18. f4 b5 19. Nd6 Nxd6 20. Qxd6 Bb7 21.
Rfd1 Rc8 22. e6 fxe6 23. Bxe6+ Kf8 24. Bxd7 Qb6 25. Bxc8 Qxe3+ 26. Kf1 Bxc8 27.
Re1 1-0

[Event "VII Open Autunno"]
[Site "Robecchetto con Induno ITA"]
[Date "2010.11.11"]
[Round "6"]
[White "Macchiettini, Pierangelo"]
[Black "Buratti, Roberto"]
[Result "1/2-1/2"]
[WhiteElo "1700"]
[BlackElo "1612"]
[PlyCount "89"]
[EventDate "2010.10.07"]

1. d4 d5 2. Nf3 e6 3. c4 c6 4. cxd5 exd5 5. Nc3 f5 6. Bf4 Nf6 7. h3 Ne4 8. a3
Qa5 9. Qc1 Be7 10. e3 O-O 11. Bd3 Nd7 12. O-O g5 13. Be5 g4 14. hxg4 fxg4 15.
Bxe4 dxe4 16. Nd2 Nxe5 17. dxe5 Qxe5 18. Ndxe4 Bf5 19. Ng3 Bd6 20. Nce2 h5 21.
Nf4 h4 22. Qc4+ Kh8 23. Nxf5 Qxf5 24. Qd4+ Rf6 25. Rad1 Raf8 26. Qc3 Bxf4 27.
exf4 Qxf4 28. Rd7 g3 29. f3 Qf5 30. Qd4 Qh5 31. Rd6 Kg7 32. Rxf6 Rxf6 33. Re1
h3 34. Re6 h2+ 35. Kh1 Qf5 36. Re4 Kf7 37. Qc4+ Qd5 38. Qc2 Rd6 39. Re1 Qd3 40.
Qc1 Qd2 41. Qc4+ Rd5 42. Qe4 Qg5 43. Qh7+ Kf8 44. Qh8+ Kf7 45. Qh7+ 1/2-1/2

[Event "VII Open Autunno"]
[Site "Robecchetto con Induno ITA"]
[Date "2010.11.11"]
[Round "6"]
[White "Paolillo, Giampiero"]
[Black "Turini, Gianluca"]
[Result "0-1"]
[WhiteElo "1693"]
[BlackElo "1781"]
[PlyCount "86"]
[EventDate "2010.10.07"]

1. e4 c6 2. d4 d5 3. exd5 cxd5 4. c4 e6 5. Nc3 Nf6 6. Nf3 Nc6 7. c5 a6 8. a3
Be7 9. Bd3 O-O 10. Bf4 Re8 11. O-O Bf8 12. b4 Nh5 13. Bg3 Nxg3 14. fxg3 g6 15.
Bc2 Bg7 16. Bb3 Bd7 17. Ra2 Rf8 18. Rc2 f5 19. Ne2 Qf6 20. Re1 g5 21. Kh1 g4
22. Ne5 Nxe5 23. dxe5 Qxe5 24. Nf4 Qf6 25. Rce2 Rae8 26. Nxe6 Bxe6 27. Bxd5
Bxd5 28. Qxd5+ Qf7 29. Qd3 Rxe2 30. Rxe2 Qf6 31. h3 Rd8 32. Qe3 gxh3 33. gxh3
Rd1+ 34. Kh2 Rd8 35. Qf3 Qf7 36. c6 bxc6 37. Qxc6 Qf6 38. Qc4+ Kh8 39. b5 axb5
40. Qxb5 f4 41. g4 f3 42. Rf2 Qf4+ 43. Kg1 Qg3+ 0-1

[Event "VII Open Autunno"]
[Site "Robecchetto con Induno ITA"]
[Date "2010.11.11"]
[Round "6"]
[White "Pinciroli, Giovanni"]
[Black "Loaldi, Davide"]
[Result "1-0"]
[WhiteElo "1449"]
[BlackElo "1623"]
[PlyCount "75"]
[EventDate "2010.10.07"]

1. e4 c6 2. Nc3 d5 3. exd5 cxd5 4. d4 Nf6 5. h3 Nc6 6. Nf3 Bf5 7. Bd3 Bxd3 8.
Qxd3 e6 9. a3 Be7 10. O-O O-O 11. Be3 a6 12. Ne2 b5 13. c3 Qc7 14. Ng3 Bd6 15.
Bg5 Nd7 16. Rae1 Bxg3 17. fxg3 Qxg3 18. Bh4 Qg6 19. Qe2 Rfe8 20. Qf2 h6 21. Bg3
Nf6 22. Nh4 Qh7 23. Be5 Ne7 24. Bxf6 gxf6 25. Qxf6 Qg7 26. Re3 Qxf6 27. Rxf6
Kg7 28. Rf2 Ng6 29. Rg3 Ra7 30. Nf3 Kh7 31. Ne1 e5 32. dxe5 Rxe5 33. Nd3 Re4
34. Rgf3 Ree7 35. Nb4 Ne5 36. Rf5 a5 37. Nxd5 Kg7 38. Nxe7 1-0

[Event "VII Open Autunno"]
[Site "Robecchetto con Induno ITA"]
[Date "2010.11.11"]
[Round "6"]
[White "Puricelli, Giancarlo"]
[Black "Barrera, Pietro"]
[Result "1-0"]
[WhiteElo "1560"]
[BlackElo "1886"]
[PlyCount "83"]
[EventDate "2010.10.07"]

1. d4 d5 2. Nf3 e6 3. Nbd2 f5 4. e3 Nf6 5. Ne5 Bd6 6. Bd3 O-O 7. O-O Nbd7 8. f4
c5 9. c3 Qb6 10. a3 cxd4 11. Nxd7 Bxd7 12. exd4 Rae8 13. Nf3 Ng4 14. h3 Nf6 15.
Ne5 Bc8 16. b4 Nd7 17. Kh1 Qc7 18. Bb2 Qd8 19. Qh5 Rf6 20. Rac1 Ref8 21. c4 Rh6
22. Qe2 Nf6 23. c5 Bxe5 24. fxe5 Nh5 25. Rf3 f4 26. Qf2 g5 27. Kg1 Ng3 28. Rxg3
fxg3 29. Qxg3 Bd7 30. Be2 Qe7 31. Bg4 Bb5 32. Rc2 Rh4 33. Bxe6+ Kh8 34. Bxd5
Rf1+ 35. Kh2 g4 36. e6 gxh3 37. Be4 hxg2+ 38. Kxg2 Rxe4 39. d5+ Rf6 40. Rf2 Re2
41. Rxe2 Bxe2 42. Qg5 1-0

[Event "VII Open Autunno"]
[Site "Robecchetto con Induno ITA"]
[Date "2010.11.11"]
[Round "6"]
[White "Rosescu, Liviu"]
[Black "Turchi, Alessandro"]
[Result "1-0"]
[WhiteElo "1494"]
[BlackElo "1428"]
[PlyCount "95"]
[EventDate "2010.10.07"]

1. c4 Nf6 2. Nc3 g6 3. d4 d5 4. Nf3 Bg7 5. Bg5 Ne4 6. Bf4 Nxc3 7. bxc3 c5 8. e3
Qa5 9. Qb3 cxd4 10. exd4 e6 11. Bd6 Nc6 12. Rd1 Bf6 13. c5 Be7 14. Bxe7 Nxe7
15. Bb5+ Nc6 16. Ne5 Qc7 17. Bxc6+ bxc6 18. Rb1 O-O 19. O-O Ba6 20. Rfe1 Rab8
21. Qc2 f6 22. Nf3 Rfe8 23. Re3 Rxb1+ 24. Qxb1 e5 25. Nd2 e4 26. Qc2 f5 27. c4
Rb8 28. g3 f4 29. gxf4 Qxf4 30. Ra3 Rf8 31. Nf1 Bxc4 32. Qd2 Qh4 33. Rg3 Rf3
34. Ne3 Rxg3+ 35. hxg3 Qg5 36. Nxc4 Qxd2 37. Nxd2 a5 38. a4 Kf7 39. Nb3 Ke6 40.
Nxa5 Kd7 41. Nb7 Kc7 42. Nd6 Kb8 43. g4 Ka7 44. Nc8+ Ka6 45. Ne7 Kb7 46. g5 Kc7
47. Ng8 Kb7 48. Nf6 1-0

[Event "VII Open Autunno"]
[Site "Robecchetto con Induno ITA"]
[Date "2010.11.11"]
[Round "6"]
[White "Vanzini, Mario"]
[Black "Puricelli, Roberto"]
[Result "0-1"]
[WhiteElo "1428"]
[BlackElo "1521"]
[PlyCount "134"]
[EventDate "2010.10.07"]

1. e4 c5 2. d4 cxd4 3. Nf3 e5 4. Bg5 Be7 5. Qd2 Qc7 6. a3 Nf6 7. Bd3 O-O 8. O-O
d6 9. c3 Bg4 10. Nh4 Nc6 11. f4 Be6 12. f5 Bc8 13. Qe1 a6 14. Qg3 Nh5 15. Qg4
Bxg5 16. Qxg5 Nf6 17. Nd2 b5 18. c4 b4 19. a4 Bb7 20. Rf3 h6 21. Qg3 Ne7 22. b3
Kh8 23. Rff1 Rg8 24. Nhf3 Nh5 25. Qh4 Nf6 26. Ng5 Raf8 27. Be2 Nh7 28. Nxh7
Kxh7 29. Nf3 f6 30. Bd3 Rh8 31. Qf2 Kg8 32. Nh4 Kf7 33. Be2 Ke8 34. Ng6 Nxg6
35. fxg6 Bxe4 36. Bh5 f5 37. Bf3 Qc6 38. Qh4 Bxf3 39. Rxf3 Rf6 40. Raf1 Rhf8
41. g4 f4 42. g5 Rxg6 43. Qh5 Rff6 44. Kf2 Re6 45. h4 Kd8 46. Qg4 Re8 47. h5
Rge6 48. gxh6 gxh6 49. Qh4+ Kc7 50. Rg1 Kb6 51. a5+ Kxa5 52. Rg7 Qc8 53. Qh1
Rg8 54. Ra7 Kb6 55. Rf7 Rf8 56. Rg7 e4 57. Rh3 Qc5 58. Ke2 Qa5 59. Qd1 d3+ 60.
Kf1 Qc5 61. Qg4 Qf5 62. Qg1+ e3 63. Rf3 d2 64. Kg2 Qxh5 65. Rgg3 Rg6 66. Rxf4
Rxg3+ 67. Kxg3 Rg8+ 0-1

[Event "VII Open Autunno"]
[Site "Robecchetto con Induno ITA"]
[Date "2010.11.11"]
[Round "6"]
[White "Volpe, Antonio"]
[Black "Colli, Gianmaria"]
[Result "1/2-1/2"]
[WhiteElo "1672"]
[BlackElo "1535"]
[PlyCount "131"]
[EventDate "2010.10.07"]

1. e4 c5 2. f4 Nc6 3. Nf3 e6 4. Bc4 Be7 5. O-O Nf6 6. d3 a6 7. a4 b6 8. Nc3 Bb7
9. Bd2 O-O 10. Ne2 d5 11. e5 Nd7 12. Ba2 f6 13. f5 Ndxe5 14. fxe6 Nxf3+ 15.
Rxf3 Ne5 16. Rg3 Kh8 17. Nf4 g5 18. Ne2 Rg8 19. d4 cxd4 20. Nxd4 Bc5 21. c3 Qe7
22. b4 Bxd4+ 23. cxd4 Nc4 24. Bb1 Qxe6 25. Rh3 Rg7 26. Bd3 b5 27. Qc2 Qf7 28.
axb5 axb5 29. Rxa8+ Bxa8 30. Qa2 Qa7 31. Qxa7 Rxa7 32. Bc3 Bc6 33. Rh6 Rf7 34.
Kf2 Nd6 35. g4 Ne4+ 36. Bxe4 dxe4 37. Ke3 Bd5 38. h4 gxh4 39. Kf4 Kg7 40. Rh5
Rd7 41. Rxh4 h6 42. Kf5 e3 43. Rh3 Bc4 44. Rh1 e2 45. Re1 Rd5+ 46. Ke4 Rg5 47.
Kf3 h5 48. gxh5 Rf5+ 49. Ke3 Rxh5 50. Ra1 Rh3+ 51. Kd2 Rf3 52. Ra7+ Kg6 53. Re7
Rf2 54. d5 Bxd5 55. Rxe2 Rxe2+ 56. Kxe2 f5 57. Bd4 Kg5 58. Bc5 Kg4 59. Kf2 Kf4
60. Be3+ Ke4 61. Bc5 f4 62. Bb6 Kd3 63. Bc5 Kc4 64. Bd6 Bc6 65. Bc5 f3 66. Bd6
1/2-1/2

[Event "VII Open Autunno"]
[Site "Robecchetto con Induno ITA"]
[Date "2010.11.18"]
[Round "7"]
[White "Buratti, Roberto"]
[Black "Colombo, Maurizio"]
[Result "1-0"]
[WhiteElo "1612"]
[BlackElo "1775"]
[PlyCount "65"]
[EventDate "2010.10.07"]

1. e4 c5 2. d4 cxd4 3. Nf3 d6 4. Nxd4 Nf6 5. Bd3 Nc6 6. Nxc6 bxc6 7. c4 g6 8.
Bd2 Bg7 9. Bc3 O-O 10. O-O Qc7 11. Qe2 Nd7 12. Bxg7 Kxg7 13. Nd2 Ne5 14. b3 Qb6
15. Kh1 a5 16. Rab1 Nxd3 17. Qxd3 Kg8 18. Qc3 Qb4 19. Qe3 f5 20. Ra1 f4 21. Qd4
e5 22. Qd3 Be6 23. Nf3 Kg7 24. Rad1 Rfd8 25. Ng5 Bg8 26. Qh3 Re8 27. Qd7+ Kh6
28. Rd3 Kxg5 29. Qg7 d5 30. h4+ Kg4 31. Qh6 Qe7 32. Rh3 f3 33. Rg3# 1-0

[Event "VII Open Autunno"]
[Site "Robecchetto con Induno ITA"]
[Date "2010.11.18"]
[Round "7"]
[White "Colli, Gianmaria"]
[Black "Puricelli, Giancarlo"]
[Result "0-1"]
[WhiteElo "1535"]
[BlackElo "1560"]
[PlyCount "132"]
[EventDate "2010.10.07"]

1. Nf3 Nf6 2. d4 g6 3. c4 Bg7 4. Nc3 O-O 5. e4 d6 6. Bd3 Nbd7 7. Be3 Ng4 8. Bd2
e5 9. d5 Nc5 10. Bc2 a6 11. b4 Nd7 12. O-O Bh6 13. Bxh6 Nxh6 14. Qd2 Kg7 15.
Ng5 Nb6 16. Bd3 f5 17. c5 f4 18. h4 Nf7 19. Nxf7 Rxf7 20. cxb6 Qxh4 21. f3 cxb6
22. Qf2 Qd8 23. Rac1 Rc7 24. Rc2 Rf7 25. Rfc1 Bd7 26. Kf1 Rc8 27. Ke2 Be8 28.
Rh1 Rfc7 29. Qxb6 Rxc3 30. Qxd8 Rxc2+ 31. Bxc2 Rxd8 32. Rc1 Rc8 33. Kd2 Bd7 34.
Bd3 Rxc1 35. Kxc1 Kf8 36. Kd2 g5 37. Be2 h5 38. Ke1 g4 39. fxg4 hxg4 40. Kf2
Ke7 41. a3 Kd8 42. Bd1 Kc7 43. Be2 Kb6 44. Bd3 Bb5 45. Bc2 a5 46. Ke1 axb4 47.
axb4 Bc4 48. Ba4 Bd3 49. Bd1 Bxe4 50. Bxg4 Bxg2 51. Be6 Kb5 52. Kf2 f3 53. Bc8
b6 54. Ke3 Kc4 55. Be6 Kxb4 56. Kf2 Kc4 57. Bf7 e4 58. Be6 b5 59. Ke3 b4 60.
Bf5 b3 61. Bxe4 Kc3 62. Bd3 f2 63. Kxf2 Kxd3 64. Kxg2 b2 65. Kf3 b1=Q 66. Kf4
Kd4 0-1

[Event "VII Open Autunno"]
[Site "Robecchetto con Induno ITA"]
[Date "2010.11.18"]
[Round "7"]
[White "Loaldi, Davide"]
[Black "Volpe, Antonio"]
[Result "0-1"]
[WhiteElo "1623"]
[BlackElo "1672"]
[PlyCount "70"]
[EventDate "2010.10.07"]

1. d4 g6 2. Nf3 Bg7 3. c4 d6 4. Nc3 e6 5. e4 Ne7 6. Bg5 Nd7 7. Bd3 b6 8. Nb5 f6
9. Be3 a6 10. Nc3 O-O 11. O-O Bb7 12. Qc2 Rf7 13. Rad1 Qf8 14. d5 e5 15. Nd2
Bh6 16. Bxh6 Qxh6 17. Ne2 Raf8 18. f4 Nc5 19. b4 Nxd3 20. Qxd3 Bc8 21. Rf3 f5
22. fxe5 dxe5 23. d6 cxd6 24. Qxd6 Qg7 25. Qxb6 f4 26. h3 g5 27. g4 Ng6 28. Rd3
f3 29. Ng3 f2+ 30. Kh2 Rf6 31. Qe3 Nf4 32. Rd5 Rh6 33. Nh5 Nxh5 34. gxh5 Rxh5
35. Qg3 Bxh3 0-1

[Event "VII Open Autunno"]
[Site "Robecchetto con Induno ITA"]
[Date "2010.11.18"]
[Round "7"]
[White "Puricelli, Roberto"]
[Black "Torretta, Gilberto"]
[Result "0-1"]
[WhiteElo "1521"]
[BlackElo "1692"]
[PlyCount "74"]
[EventDate "2010.10.07"]

1. e4 e5 2. Nf3 Nc6 3. Bc4 Nf6 4. Nc3 d6 5. h3 Be7 6. a3 Be6 7. Bxe6 fxe6 8. d4
exd4 9. Nxd4 Nxd4 10. Qxd4 O-O 11. Bg5 e5 12. Qc4+ Kh8 13. O-O-O Qd7 14. f3 a6
15. Bxf6 Bxf6 16. Kb1 c6 17. Qd3 Be7 18. Qe3 b5 19. g4 a5 20. a4 Rfb8 21. Rd3
bxa4 22. Nxa4 c5 23. Nxc5 Qb5 24. Nb3 a4 25. Rd5 Qb4 26. Rd3 axb3 27. Rxb3 Qa4
28. Rxb8+ Rxb8 29. Kc1 Qa1+ 30. Kd2 Qxh1 31. Qa7 Bg5+ 32. Ke2 Qh2+ 33. Kf1
Qxh3+ 34. Kf2 Rf8 35. Qa3 Qh2+ 36. Kf1 Qf4 37. Kg2 Bh4 0-1